[Event "Bouhjar BICA Rapid op 02nd"]
[Site "Bouhjar"]
[Date "2022.11.20"]
[Round "6"]
[White "Bouaziz, Mehdi"]
[Black "Mabrouk, Fathi Ben Salah"]
[Result "1-0"]
[WhiteElo "2206"]
[BlackElo "2078"]
[PlyCount "80"]
[EventDate "2022.11.20"]
[EventType "swiss (rapid)"]
[EventRounds "9"]
[EventCountry "TUN"]
[SourceTitle "CBM 211 Extra"]
[Source "ChessBase"]
[SourceDate "2023.01.31"]
[SourceVersion "1"]
[SourceVersionDate "2023.01.31"]
[SourceQuality "1"]

1. d4 f5 2. g3 Nf6 3. Bg2 g6 4. c4 Bg7 5. Nc3 d6 6. d5 a5 7. Nh3 Na6 8. 0-0 0-0 9. Nf4 Nc5 10. Be3 Ng4 11. Bd4 Ne5 12. b3 Bd7 13. h4 Qe8 14. Rc1 h6 15. Nh3 Bf6 16. Qd2 Kg7 17. Rcd1 Rh8 18. f4 Ng4 19. Nf2 Nxf2 20. Rxf2 Qf7 21. e4 fxe4 22. Nxe4 Nxe4 23. Bxe4 Bxd4 24. Qxd4+ Qf6 25. Qd3 Bg4 26. Re1 b6 27. Bf3 Bf5 28. Qd2 h5 29. Rfe2 Rae8 30. Re3 e5 31. dxe6 Rxe6 32. Bd5 Rxe3 33. Qxe3 Kh6 34. Kf2 Rd8 35. Bc6 Rf8 36. Kg2 Rf7 37. Bd5 Rf8 38. Qe7 Qxe7 39. Rxe7 Rd8 40. Re5 Bc8 1-0

[Event "Tunis Ramadan Cup"]
[Site "Tunis"]
[Date "2018.06.11"]
[Round "9"]
[White "Bouaziz, Mehdi"]
[Black "Bouzidi, Ahmed"]
[Result "1/2-1/2"]
[WhiteElo "2176"]
[BlackElo "2158"]
[PlyCount "46"]
[EventDate "2018.06.10"]
[EventType "swiss"]
[EventRounds "9"]
[EventCountry "TUN"]
[SourceTitle "CBM 185 Extra"]
[Source "ChessBase"]
[SourceDate "2018.07.29"]
[SourceVersion "1"]
[SourceVersionDate "2018.07.29"]
[SourceQuality "1"]

1. d4 d5 2. c4 c6 3. cxd5 cxd5 4. Nc3 Nf6 5. Bg5 Nc6 6. Nf3 e6 7. e3 Be7 8. Bd3 0-0 9. 0-0 a6 10. Ne5 Nxe5 11. dxe5 Nd7 12. Bxe7 Qxe7 13. f4 b5 14. Kh1 Bb7 15. Rc1 Nc5 16. Ne2 Ne4 17. Bxe4 dxe4 18. Nd4 Bd5 19. a3 Rac8 20. Qd2 Qb7 21. h3 Rxc1 22. Rxc1 Rc8 23. Rxc8+ Qxc8 1/2-1/2

[Event "Tunis"]
[Site "Tunis"]
[Date "2016.10.03"]
[Round "3"]
[White "Van Hoolandt, Patrick"]
[Black "Bouaziz, Mehdi"]
[Result "1/2-1/2"]
[WhiteElo "2176"]
[BlackElo "2239"]
[PlyCount "34"]
[EventDate "2016.10.01"]
[EventType "tourn"]
[EventRounds "9"]
[EventCountry "TUN"]
[EventCategory "2"]
[SourceTitle "EXT 2017"]
[Source "ChessBase"]
[SourceDate "2016.10.25"]
[SourceVersion "1"]
[SourceVersionDate "2016.10.25"]
[SourceQuality "1"]

1. d4 Nf6 2. c4 c5 3. d5 b5 4. cxb5 a6 5. bxa6 Bxa6 6. Nc3 d6 7. Nf3 g6 8. e4 Bxf1 9. Kxf1 Bg7 10. a3 0-0 11. g3 Qa5 12. Qe2 Nbd7 13. Bd2 Rfb8 14. b3 Ne8 15. Na4 Qa6 16. Qxa6 Rxa6 17. Rc1 Nb6 1/2-1/2

[Event "Tunis"]
[Site "Tunis"]
[Date "2016.10.01"]
[Round "1"]
[White "Douissa, Oussama"]
[Black "Bouaziz, Mehdi"]
[Result "1/2-1/2"]
[WhiteElo "2190"]
[BlackElo "2239"]
[PlyCount "61"]
[EventDate "2016.10.01"]
[EventType "tourn"]
[EventRounds "9"]
[EventCountry "TUN"]
[EventCategory "2"]
[SourceTitle "EXT 2017"]
[Source "ChessBase"]
[SourceDate "2016.10.25"]
[SourceVersion "1"]
[SourceVersionDate "2016.10.25"]
[SourceQuality "1"]

1. e4 c5 2. Nf3 Nc6 3. d4 cxd4 4. Nxd4 g6 5. Nc3 Bg7 6. Be3 Nf6 7. Bc4 0-0 8. Bb3 a5 9. a4 d6 10. h3 Bd7 11. 0-0 Nxd4 12. Bxd4 Bc6 13. Nd5 Bxd5 14. exd5 Rc8 15. Re1 Re8 16. Re3 Nd7 17. Bxg7 Kxg7 18. Qd4+ Kg8 19. Rae1 Nc5 20. Bc4 Rc7 21. h4 Nd7 22. h5 Ne5 23. Bb5 Rf8 24. c3 f6 25. hxg6 Nxg6 26. Qb6 Rc8 27. Qxb7 Rb8 28. Qa7 Qb6 29. Qxb6 Rxb6 30. b4 axb4 31. cxb4 1/2-1/2

[Event "Monastir Slama Memorial 5th"]
[Site "Monastir"]
[Date "2015.09.09"]
[Round "6"]
[White "Mezioud, Amina"]
[Black "Bouaziz, Mehdi"]
[Result "0-1"]
[WhiteElo "2106"]
[BlackElo "2225"]
[PlyCount "66"]
[EventDate "2015.09.06"]
[EventType "swiss"]
[EventRounds "9"]
[EventCountry "TUN"]
[SourceTitle "EXT 2016"]
[Source "ChessBase"]
[SourceDate "2015.10.08"]
[SourceVersion "1"]
[SourceVersionDate "2015.10.08"]
[SourceQuality "1"]

1. g3 g6 2. Bg2 Bg7 3. d3 c5 4. e4 Nc6 5. f4 d6 6. Nf3 b6 7. Nc3 Bb7 8. 0-0 Qd7 9. Be3 Nh6 10. Kh1 f5 11. Re1 0-0 12. Qd2 Nf7 13. Qf2 Rae8 14. Rab1 e6 15. Rbd1 Ne7 16. Bc1 e5 17. Nh4 d5 18. exf5 gxf5 19. fxe5 Nxe5 20. h3 d4 21. Ne2 N7g6 22. Nxg6 hxg6 23. Nf4 g5 24. Nh5 f4 25. Bxb7 Qxb7+ 26. Re4 Nc4 27. Nxg7 Rxe4 28. dxe4 Qxe4+ 29. Kg1 Ne3 30. Bxe3 fxe3 31. Qg2 Qxg2+ 32. Kxg2 Rf2+ 33. Kg1 Kxg7 0-1

[Event "Monastir Slama Memorial 5th"]
[Site "Monastir"]
[Date "2015.09.07"]
[Round "2"]
[White "Boudriga, Mohamed Ali"]
[Black "Bouaziz, Mehdi"]
[Result "1/2-1/2"]
[WhiteElo "2322"]
[BlackElo "2225"]
[PlyCount "33"]
[EventDate "2015.09.06"]
[EventType "swiss"]
[EventRounds "9"]
[EventCountry "TUN"]
[SourceTitle "EXT 2016"]
[Source "ChessBase"]
[SourceDate "2015.10.08"]
[SourceVersion "1"]
[SourceVersionDate "2015.10.08"]
[SourceQuality "1"]

1. e4 c5 2. Nf3 g6 3. d4 cxd4 4. Nxd4 Nc6 5. c4 Nf6 6. Nc3 Nxd4 7. Qxd4 d6 8. b3 Bg7 9. Bb2 0-0 10. Qd2 Qa5 11. Rd1 Be6 12. Be2 Rfc8 13. 0-0 a6 14. Nd5 Qxd2 15. Nxf6+ Bxf6 16. Rxd2 Bxb2 17. Rxb2 1/2-1/2

[Event "Monastir Slama Memorial 5th"]
[Site "Monastir"]
[Date "2015.09.06"]
[Round "1"]
[White "Bouaziz, Mehdi"]
[Black "Latreche, Sabrina"]
[Result "1-0"]
[WhiteElo "2225"]
[BlackElo "2060"]
[PlyCount "111"]
[EventDate "2015.09.06"]
[EventType "swiss"]
[EventRounds "9"]
[EventCountry "TUN"]
[SourceTitle "EXT 2016"]
[Source "ChessBase"]
[SourceDate "2015.10.08"]
[SourceVersion "1"]
[SourceVersionDate "2015.10.08"]
[SourceQuality "1"]

1. d4 Nf6 2. Nf3 g6 3. Bf4 Bg7 4. h3 b6 5. e3 Bb7 6. Be2 0-0 7. 0-0 c5 8. c3 d6 9. a4 Nc6 10. Nbd2 Re8 11. Nc4 cxd4 12. exd4 Nd5 13. Bh2 Bh6 14. Re1 Qd7 15. Bf1 Rac8 16. Ne3 Nxe3 17. fxe3 Na5 18. Nd2 e5 19. b4 exd4 20. bxa5 Bxe3+ 21. Rxe3 dxe3 22. Nf3 Rxc3 23. Nd4 Qe7 24. Ne2 Rc6 25. axb6 Rxb6 26. a5 Rc6 27. Ra4 Qf6 28. Rf4 Qb2 29. Qe1 Ba6 30. Rb4 Qd2 31. Rb1 Bxe2 32. Bxe2 Rc2 33. Bf3 Qd4 34. Bg3 e2+ 35. Bf2 Qc4 36. Bxa7 d5 37. Bf2 d4 38. a6 d3 39. Be3 Qxa6 40. Bh6 Qa2 41. Kh2 d2 42. Qxe2 Rcc8 43. Qf1 Qc2 44. Bd5 Qf5 45. Qxf5 gxf5 46. Bxd2 Rcd8 47. Rb5 Re2 48. Bf4 Kg7 49. Bf3 Ra2 50. Rxf5 f6 51. h4 Rd3 52. Kg3 Rd7 53. Rb5 Raa7 54. h5 h6 55. Bc1 Rd6 56. Rb8 1-0

[Event "Africa zt 4.1"]
[Site "Hammamet"]
[Date "2015.03.31"]
[Round "8"]
[White "Abdellahi, Sidi"]
[Black "Bouaziz, Mehdi"]
[Result "0-1"]
[WhiteElo "1841"]
[BlackElo "2239"]
[PlyCount "75"]
[EventDate "2015.03.26"]
[EventType "swiss"]
[EventRounds "9"]
[EventCountry "TUN"]
[SourceTitle "CBM 165 Extra"]
[Source "ChessBase"]
[SourceDate "2015.04.21"]
[SourceVersion "1"]
[SourceVersionDate "2015.04.21"]
[SourceQuality "1"]

1. Nf3 c5 2. g3 Nf6 3. Bg2 Nc6 4. 0-0 e5 5. d3 d5 6. e4 Be7 7. Nbd2 0-0 8. exd5 Nxd5 9. Nc4 f6 10. c3 Be6 11. Re1 Qd7 12. Ne3 Nb6 13. Nc2 Rad8 14. d4 cxd4 15. cxd4 Bg4 16. Qd3 exd4 17. Bf4 g5 18. Bd2 Bxf3 19. Bxf3 Ne5 20. Qb3+ Kh8 21. Bg2 Na4 22. Bb4 Nc5 23. Bxc5 Bxc5 24. Rad1 a5 25. a3 a4 26. Qa2 b5 27. Re4 Rfe8 28. Kf1 Nc4 29. b4 Rxe4 30. Bxe4 Qe6 31. Qa1 Qxe4 32. bxc5 Qh1+ 33. Ke2 d3+ 34. Rxd3 Qe4+ 35. Ne3 Qxd3+ 36. Ke1 Qd2+ 37. Kf1 Nxe3+ 38. fxe3 0-1

[Event "Africa zt 4.1"]
[Site "Hammamet"]
[Date "2015.03.27"]
[Round "2"]
[White "Meddeb, Anis"]
[Black "Bouaziz, Mehdi"]
[Result "1-0"]
[WhiteElo "2158"]
[BlackElo "2239"]
[PlyCount "61"]
[EventDate "2015.03.26"]
[EventType "swiss"]
[EventRounds "9"]
[EventCountry "TUN"]
[SourceTitle "CBM 165 Extra"]
[Source "ChessBase"]
[SourceDate "2015.04.21"]
[SourceVersion "1"]
[SourceVersionDate "2015.04.21"]
[SourceQuality "1"]

1. e4 c5 2. Nf3 Nc6 3. Bb5 g6 4. 0-0 Bg7 5. Nc3 Nf6 6. d3 0-0 7. Re1 a6 8. Bxc6 dxc6 9. Be3 b6 10. h3 h6 11. Ne5 Qc7 12. Ng4 Nxg4 13. hxg4 g5 14. g3 Be5 15. Kg2 e6 16. Rh1 Kg7 17. Qd2 f6 18. f4 Bd4 19. e5 f5 20. fxg5 fxg4 21. g6 Rf5 22. Bxd4 h5 23. Be3 c4 24. Raf1 c5 25. Rxf5 Bb7+ 26. Kg1 exf5 27. Rxh5 Qc6 28. Qh2 Rg8 29. Ne4 fxe4 30. Rh7+ Kf8 31. Qf2+ 1-0

[Event "Olympiad-41"]
[Site "Tromsoe"]
[Date "2014.08.09"]
[Round "7.4"]
[White "Ramasindraibe, Girard"]
[Black "Bouaziz, Mehdi"]
[Result "0-1"]
[WhiteElo "2065"]
[BlackElo "2246"]
[PlyCount "104"]
[EventDate "2014.08.02"]
[EventType "team-swiss"]
[EventRounds "11"]
[EventCountry "NOR"]
[SourceTitle "CBM 162"]
[Source "ChessBase"]
[SourceDate "2014.09.17"]
[SourceVersion "1"]
[SourceVersionDate "2014.09.17"]
[SourceQuality "1"]
[WhiteTeam "Madagascar"]
[BlackTeam "Tunisia"]
[WhiteTeamCountry "MAD"]
[BlackTeamCountry "TUN"]

1. d4 Nf6 2. Nc3 d5 3. Bg5 c6 4. f3 Bf5 5. Qd2 Nbd7 6. g4 Bg6 7. h4 h5 8. gxh5 Nxh5 9. 0-0-0 f6 10. Be3 Ng3 11. Rh2 Nxf1 12. Rxf1 e5 13. Bf2 Nb6 14. e4 exd4 15. Qxd4 dxe4 16. Qe3 Nd5 17. Nxd5 Qxd5 18. Kb1 0-0-0 19. Ne2 exf3 20. Nc3 Qe5 21. Qxf3 Qxh2 22. Qg4+ Rd7 23. Qxg6 Bb4 24. Ne4 Rhd8 25. Qg4 Qe5 26. a3 f5 27. Qh5 Bxa3 28. bxa3 Qb5+ 29. Ka2 Qc4+ 30. Kb2 Qb5+ 31. Ka2 Qxf1 32. Qxf5 Qc4+ 33. Ka1 Qd5 34. Qg4 Qd1+ 35. Qxd1 Rxd1+ 36. Kb2 b6 37. Bg3 R1d4 38. Ng5 Rg4 39. Be1 Rd5 40. Nf3 Rb5+ 41. Kc3 Ra4 42. Kd3 Rxa3+ 43. c3 Rd5+ 44. Ke4 Ra4+ 45. Ke3 Rg4 46. Bf2 c5 47. Bg1 a5 48. Bh2 a4 49. Bf4 a3 50. c4 a2 51. Ne5 Rxf4 52. cxd5 Rxh4 0-1

[Event "Olympiad-41"]
[Site "Tromsoe"]
[Date "2014.08.02"]
[Round "1.4"]
[White "Bouaziz, Mehdi"]
[Black "Moiseenko, Alexander"]
[Result "0-1"]
[WhiteElo "2246"]
[BlackElo "2707"]
[PlyCount "118"]
[EventDate "2014.08.02"]
[EventType "team-swiss"]
[EventRounds "11"]
[EventCountry "NOR"]
[SourceTitle "CBM 162"]
[Source "ChessBase"]
[SourceDate "2014.09.17"]
[SourceVersion "1"]
[SourceVersionDate "2014.09.17"]
[SourceQuality "1"]
[WhiteTeam "Tunisia"]
[BlackTeam "Ukraine"]
[WhiteTeamCountry "TUN"]
[BlackTeamCountry "UKR"]

1. d4 Nf6 2. Nf3 d5 3. Bf4 c5 4. e3 Nc6 5. c3 Qb6 6. Qc1 Bf5 7. Be2 e6 8. h3 h6 9. 0-0 Be7 10. Nbd2 Rc8 11. dxc5 Bxc5 12. Nb3 Be7 13. Nfd4 Bh7 14. Nxc6 bxc6 15. c4 c5 16. Rd1 0-0 17. Be5 Rfd8 18. Qc3 Ne4 19. Qa5 f6 20. Bh2 Qxa5 21. Nxa5 d4 22. f3 Ng5 23. h4 Nf7 24. Kf2 f5 25. Bg3 Bf6 26. Nb3 e5 27. exd4 cxd4 28. c5 f4 29. Bh2 d3 30. Bf1 Bxh4+ 31. g3 Bg5 32. gxf4 exf4 33. Kg2 Ne5 34. Rac1 Rd5 35. Bg1 Bf6 36. Rd2 Bg6 37. Kf2 Bh4+ 38. Kg2 Bh5 39. Nd4 Rdxc5 40. Rxc5 Rxc5 41. Bxd3 Nxd3 42. Rxd3 Bf7 43. a3 Bf6 44. b4 Rg5+ 45. Kf2 Bc4 46. Rd2 Rd5 47. Ke1 a6 48. Nc6 Bc3 49. Ne7+ Kf7 50. Nxd5 Bxd5 51. Bd4 Bxd2+ 52. Kxd2 Bxf3 53. Ke1 Bc6 54. Kf2 g5 55. Be5 Kg6 56. Bd6 Kf5 57. Kg1 g4 58. Kh2 Ke4 59. Kg1 Kf3 0-1

[Event "Zeralda Ameyar Memorial 12th"]
[Site "Zeralda"]
[Date "2014.06.20"]
[Round "1"]
[White "Miladi, Amen"]
[Black "Bouaziz, Mehdi"]
[Result "0-1"]
[WhiteElo "1231"]
[BlackElo "2256"]
[PlyCount "56"]
[EventDate "2014.06.20"]
[EventType "swiss"]
[EventRounds "9"]
[EventCountry "ALG"]
[SourceTitle "CBM 161 Extra"]
[Source "ChessBase"]
[SourceDate "2014.08.29"]
[SourceVersion "1"]
[SourceVersionDate "2014.08.29"]
[SourceQuality "1"]

1. e4 c5 2. d4 cxd4 3. c3 dxc3 4. Nxc3 Nc6 5. Nf3 d6 6. Bc4 e6 7. 0-0 Nf6 8. Bf4 Be7 9. Qe2 e5 10. Bg3 Bg4 11. Bb5 0-0 12. Bxc6 bxc6 13. h3 Be6 14. Rfd1 Qc7 15. Rac1 Qb7 16. Ne1 Nd7 17. f4 exf4 18. Bxf4 Ne5 19. Nf3 Nxf3+ 20. Qxf3 Qxb2 21. Qg3 Qb6+ 22. Kh1 Rad8 23. Ne2 Kh8 24. Bxd6 Bxd6 25. Rxd6 Rxd6 26. Qxd6 Rc8 27. Nd4 Rd8 28. Qxc6 Qxd4 0-1

[Event "Sliema XYChess"]
[Site "Sliema"]
[Date "2014.05.26"]
[Round "8"]
[White "Joie, Sebastien"]
[Black "Bouaziz, Mehdi"]
[Result "1/2-1/2"]
[WhiteElo "2334"]
[BlackElo "2259"]
[PlyCount "120"]
[EventDate "2014.05.21"]
[EventType "tourn"]
[EventRounds "9"]
[EventCountry "MLT"]
[SourceTitle "CBM 160 Extra"]
[Source "ChessBase"]
[SourceDate "2014.07.01"]
[SourceVersion "1"]
[SourceVersionDate "2014.07.01"]
[SourceQuality "1"]

1. Nf3 Nf6 2. g3 g6 3. b3 Bg7 4. Bb2 0-0 5. Bg2 c5 6. c4 d6 7. d4 Nbd7 8. 0-0 cxd4 9. Nxd4 a5 10. Nc3 Nc5 11. Rb1 Bd7 12. Nc2 Qc8 13. Ne3 Bc6 14. Ncd5 Nxd5 15. cxd5 Bd7 16. Bxg7 Kxg7 17. Qd4+ Kg8 18. h4 Ra6 19. h5 Rb6 20. h6 f6 21. Nc4 Rb4 22. Qe3 Qd8 23. a3 Rb5 24. Nxa5 Bf5 25. b4 Bxb1 26. Rxb1 Nd7 27. Bh3 f5 28. a4 Rxa5 29. bxa5 Nc5 30. Rb5 Rf6 31. Bg2 Qd7 32. Qf4 Rf8 33. Bf3 Qe8 34. Qd4 Qf7 35. g4 Qf6 36. Qxf6 exf6 37. gxf5 Rc8 38. Rb6 Rd8 39. fxg6 hxg6 40. e3 Rd7 41. Rb4 Kh7 42. Rf4 f5 43. Be2 Kxh6 44. Rh4+ Kg7 45. f3 Rd8 46. Rb4 Kf6 47. Rb6 Ke5 48. Bc4 Ra8 49. a6 bxa6 50. f4+ Ke4 51. Kf2 Rh8 52. Rxd6 Rh2+ 53. Kg3 Rc2 54. Bxa6 Kxe3 55. Rxg6 Ne4+ 56. Kh3 Kxf4 57. d6 Rd2 58. Bb5 Nxd6 59. Rg2 Rxg2 60. Kxg2 Nxb5 1/2-1/2

[Event "Monastir Belkadhi op-A"]
[Site "Monastir"]
[Date "2014.05.06"]
[Round "6"]
[White "Bouaziz, Mehdi"]
[Black "Mabrouk, Fathi Ben Salah"]
[Result "1-0"]
[WhiteElo "2259"]
[BlackElo "2111"]
[PlyCount "79"]
[EventDate "2014.05.03"]
[EventType "swiss"]
[EventRounds "9"]
[EventCountry "TUN"]
[SourceTitle "CBM 160 Extra"]
[Source "ChessBase"]
[SourceDate "2014.07.01"]
[SourceVersion "1"]
[SourceVersionDate "2014.07.01"]
[SourceQuality "1"]

1. d4 Nf6 2. Nf3 g6 3. Bf4 Bg7 4. h3 d6 5. e3 0-0 6. Be2 b6 7. a4 c5 8. c3 Bb7 9. 0-0 Na6 10. a5 Nc7 11. Qb3 b5 12. dxc5 dxc5 13. Rd1 Qc8 14. a6 Bd5 15. Qa3 Ne6 16. Be5 Bc6 17. Nbd2 Ne4 18. Bh2 Qe8 19. Ne5 Rd8 20. Nxc6 Qxc6 21. Nxe4 Qxe4 22. Bxb5 Be5 23. Bxe5 Qxe5 24. Bc4 Qh5 25. Qb3 Ng5 26. Qc2 e5 27. Qe2 Qh6 28. Rxd8 Rxd8 29. Rd1 Qf8 30. Bd5 Kg7 31. h4 Ne6 32. Bxe6 fxe6 33. Rxd8 Qxd8 34. Qb5 Qxh4 35. Qxc5 Qh5 36. Qxa7+ Kh6 37. Qd7 Qe2 38. Qxe6 Qe1+ 39. Kh2 Qxf2 40. Qh3+ 1-0

[Event "Monastir Belkadhi op-A"]
[Site "Monastir"]
[Date "2014.05.06"]
[Round "5"]
[White "Ibrahim, Hatim"]
[Black "Bouaziz, Mehdi"]
[Result "1-0"]
[WhiteElo "2349"]
[BlackElo "2259"]
[PlyCount "61"]
[EventDate "2014.05.03"]
[EventType "swiss"]
[EventRounds "9"]
[EventCountry "TUN"]
[SourceTitle "CBM 160 Extra"]
[Source "ChessBase"]
[SourceDate "2014.07.01"]
[SourceVersion "1"]
[SourceVersionDate "2014.07.01"]
[SourceQuality "1"]

1. c4 Nf6 2. Nc3 c5 3. g3 Nc6 4. Bg2 d6 5. d3 g6 6. e4 Bg7 7. Nge2 0-0 8. 0-0 a6 9. h3 Rb8 10. a4 Ne8 11. Be3 Nc7 12. d4 cxd4 13. Nxd4 Bd7 14. a5 Bxd4 15. Bxd4 Nxd4 16. Qxd4 Bc6 17. Qe3 Ne6 18. Nd5 Bxd5 19. exd5 Ng7 20. b4 b6 21. axb6 Nf5 22. Qa3 Qxb6 23. c5 Qxb4 24. Qxb4 Rxb4 25. c6 Nd4 26. Rxa6 e6 27. Rfa1 exd5 28. Bxd5 Ne6 29. Ra7 Rc8 30. Rd7 Rd4 31. Bxe6 1-0

[Event "Monastir Belkadhi op-A"]
[Site "Monastir"]
[Date "2014.05.04"]
[Round "2"]
[White "Bouaziz, Mehdi"]
[Black "Seddaoui, Yamine"]
[Result "1/2-1/2"]
[WhiteElo "2259"]
[BlackElo "2113"]
[PlyCount "203"]
[EventDate "2014.05.03"]
[EventType "swiss"]
[EventRounds "9"]
[EventCountry "TUN"]
[SourceTitle "CBM 160 Extra"]
[Source "ChessBase"]
[SourceDate "2014.07.01"]
[SourceVersion "1"]
[SourceVersionDate "2014.07.01"]
[SourceQuality "1"]

1. d4 Nf6 2. Nf3 e6 3. e3 b6 4. Bd3 Bb7 5. 0-0 Be7 6. c4 0-0 7. Nc3 c5 8. d5 exd5 9. cxd5 d6 10. e4 Nbd7 11. Nd2 Ne5 12. Be2 a6 13. a4 Re8 14. f4 Ng6 15. Qc2 Bf8 16. g3 Bc8 17. Bf3 Bd7 18. Nc4 Rb8 19. e5 b5 20. exf6 bxc4 21. fxg7 Bxg7 22. Bd2 Qb6 23. Rab1 Qb3 24. Qxb3 Rxb3 25. Bd1 Rb7 26. f5 Bd4+ 27. Kg2 Ne7 28. f6 Ng6 29. Re1 Reb8 30. b3 Bxf6 31. Ne4 Be5 32. Bc3 Bf5 33. Bxe5 Bxe4+ 34. Rxe4 Nxe5 35. Re3 Rb4 36. Bc2 cxb3 37. Rexb3 Rxb3 38. Rxb3 Rxb3 39. Bxb3 Kg7 40. h3 Kf6 41. Kf2 Nd7 42. a5 c4 43. Bxc4 Nc5 44. Ke3 Ke5 45. g4 h6 46. Ba2 Nb7 47. Bc4 Nxa5 48. Bxa6 Kxd5 49. Kf4 Ke6 50. g5 hxg5+ 51. Kxg5 Nc6 52. h4 Ne7 53. h5 f6+ 54. Kf4 Kf7 55. Bd3 Kg7 56. Kg4 Kh6 57. Be2 Kg7 58. Kf4 Kf7 59. Bd3 Kg7 60. Be2 Kh6 61. Kg4 d5 62. Kf4 Nc6 63. Bf3 Ne7 64. Be2 Kg7 65. Bd1 Kf7 66. Bf3 Ke6 67. Bd1 Ng8 68. Bg4+ Kd6 69. Be2 Nh6 70. Bd3 Kc5 71. Ke3 Kc6 72. Kf3 Kd6 73. Kf4 Ke6 74. Bc2 Kd7 75. Bd3 Kd6 76. Be2 Kc5 77. Ke3 Kc6 78. Kf4 Kb6 79. Bd3 Kc7 80. Be2 Kd7 81. Bd3 Ke7 82. Be2 Ke6 83. Bd1 Kd6 84. Be2 Kc6 85. Ke3 Kd7 86. Kf4 Kd6 87. Bd3 Ke6 88. Be2 Kf7 89. Bd3 Kg7 90. Bc2 Kf7 91. Bd3 Ke7 92. Be2 Kd6 93. Bd3 Ke6 94. Be2 Ng8 95. Bg4+ Kf7 96. Bf3 Ne7 97. Be2 Kg7 98. Kg4 Nc8 99. Kf4 Nb6 100. Kf5 d4 101. h6+ Kxh6 102. Kxf6 1/2-1/2

[Event "Monastir Belkadhi op-A"]
[Site "Monastir"]
[Date "2014.05.03"]
[Round "1"]
[White "Miladinovic, Igor"]
[Black "Bouaziz, Mehdi"]
[Result "1-0"]
[WhiteElo "2573"]
[BlackElo "2259"]
[PlyCount "83"]
[EventDate "2014.05.03"]
[EventType "swiss"]
[EventRounds "9"]
[EventCountry "TUN"]
[SourceTitle "CBM 160 Extra"]
[Source "ChessBase"]
[SourceDate "2014.07.01"]
[SourceVersion "1"]
[SourceVersionDate "2014.07.01"]
[SourceQuality "1"]

1. d4 Nf6 2. Bg5 e6 3. e3 c5 4. c3 cxd4 5. exd4 Be7 6. Bxf6 Bxf6 7. Nf3 0-0 8. Bd3 d6 9. Nbd2 e5 10. dxe5 dxe5 11. Qe2 Nc6 12. 0-0-0 Bg5 13. Be4 Re8 14. h4 Bxd2+ 15. Rxd2 Qf6 16. Ng5 h6 17. Bh7+ Kh8 18. Bc2 Be6 19. Qe4 g6 20. Nxe6 Qxe6 21. h5 f5 22. Qd5 Kg7 23. hxg6 e4 24. Qb5 Re7 25. Qc5 Qxg6 26. Rh3 f4 27. f3 b6 28. Qb5 Rae8 29. Bxe4 Rxe4 30. fxe4 Rxe4 31. Rd7+ Kf8 32. Qd5 Re1+ 33. Kd2 Re6 34. Rh5 Ne7 35. Qf3 Rf6 36. Rd4 Kg7 37. Rh4 Qf7 38. Rhxf4 Rxf4 39. Qxf4 Qxa2 40. Qe5+ Kf7 41. Rf4+ Ke8 42. Qb5+ 1-0

[Event "Monastir Subsidiaire op"]
[Site "Monastir"]
[Date "2014.03.30"]
[Round "9"]
[White "Bouaziz, Mehdi"]
[Black "Meddeb, Anis"]
[Result "1-0"]
[WhiteElo "2255"]
[BlackElo "2128"]
[PlyCount "91"]
[EventDate "2014.03.24"]
[EventType "swiss"]
[EventRounds "9"]
[EventCountry "TUN"]
[SourceTitle "EXT 2016"]
[Source "ChessBase"]
[SourceDate "2015.10.08"]
[SourceVersion "1"]
[SourceVersionDate "2015.10.08"]
[SourceQuality "1"]

1. d4 Nf6 2. Nf3 g6 3. Bf4 Bg7 4. h3 0-0 5. e3 d6 6. Be2 Nfd7 7. 0-0 e5 8. Bh2 Nc6 9. c3 e4 10. Nfd2 Qh4 11. c4 f5 12. Nc3 Nf6 13. c5 Ne8 14. cxd6 Nxd6 15. Nd5 Qd8 16. Rc1 Be6 17. Nxc7 Qxc7 18. d5 Bxd5 19. Nc4 Nd4 20. exd4 f4 21. Ne3 Qf7 22. Bxf4 Qxf4 23. Nxd5 Qg5 24. Nc7 Nf5 25. Ne6 Qh6 26. Nxf8 Rxf8 27. Bg4 Nxd4 28. Rc4 Rd8 29. Qc1 Qh4 30. Rc8 h5 31. Rxd8+ Qxd8 32. Qc8 Ne2+ 33. Kh2 Be5+ 34. g3 Qxc8 35. Bxc8 h4 36. Bxb7 e3 37. fxe3 Nxg3 38. Re1 Bxb2 39. Kg2 Kg7 40. Kf3 Kf6 41. Rb1 Be5 42. Bd5 g5 43. Rb7 g4+ 44. hxg4 h3 45. Rh7 Nf1 46. Kf2 1-0